• 首页
  • 本馆介绍
  • 公告通知
  • 最新文献
  • 馆藏检索
  • 电子资源
  • 读者导购
  • 参考咨询
  • 我的图书馆
  • 登录
  • 详细信息显示
  • 放入我的书架
  • 预约/预借图书
  • 作者相关作品
  • 分类相关作品
  • 丛书相关作品
  • 出版社相关作品

书目信息

  • 表格格式
  • 工作单格式
  • 卡片格式
题名:
人像摄影史
    
 
作者: 林路 著
分册:  
出版信息: 杭州   浙江摄影出版社  2017.05
页数: 265页
开本: 24cm
丛书名: 摄影观察丛书
单 册:
中图分类: J409.1
科图分类:
主题词: 人像摄影--摄影史--世界
电子资源:
ISBN: 978-7-5514-1640-5
000 01231oam2 2200265 450
001 370
005 20180922091747.51
010    @a978-7-5514-1640-5@dCNY78.00
100    @a20170619d2017 em y0chiy50 ea
101 0  @achi
102    @aCN@b330000
105    @aa z 000yy
200 1  @a人像摄影史@9ren xiang she ying shi@dA history of portrait photography@f林路著@zeng
210    @a杭州@c浙江摄影出版社@d2017.05
215    @a265页@c照片@d24cm
225 1  @a摄影观察丛书
314    @a林路,男,上海师范大学教授,硕士生导师,中国摄影爱协会会员,上海市摄影家协会副主席等。已出版摄影理论和技术专著以及画册80多本,发表摄影文章数十万字。有四篇论文分别获得中国摄影家协会和《人民摄影》报社联合举办的摄影评论年终大奖和中国摄影家协会第六届全国理论年会优秀论文奖。
330    @a本书系统讲述了人像摄影自摄影术发明以来所经历的非凡历程,人像摄影作为主要的摄影门类,一直是摄影家喜爱拍摄的题材,本书全面回顾了摄影史上具有突出成就的人像摄影家及其代表作品,并以史论的形式梳理了人像摄影的发展历程。
461  0 @12001 @a摄影观察丛书
510 1  @aHistory of portrait photography@zeng
606 0  @a人像摄影@x摄影史@y世界
690    @aJ409.1@v5
701  0 @a林路@9lin lu@4著
801  0 @aCN@b91MARC@c20170619
905    @aMuseLib@dJ409.1@e380
    
    人像摄影史=A history of portrait photography/林路著.-杭州:浙江摄影出版社,2017.05
    265页:照片;24cm.-(摄影观察丛书)
    
    
    ISBN 978-7-5514-1640-5:CNY78.00
    本书系统讲述了人像摄影自摄影术发明以来所经历的非凡历程,人像摄影作为主要的摄影门类,一直是摄影家喜爱拍摄的题材,本书全面回顾了摄影史上具有突出成就的人像摄影家及其代表作品,并以史论的形式梳理了人像摄影的发展历程。
●
相关链接 在E读中查询图书 在五车中查询图书 在当当中查询图书 在豆瓣中查询图书


正题名:人像摄影史     索取号:J409.1/380         预约/预借

序号 登录号 条形码 馆藏地/架位号 状态 备注
1 1119559   211195598   第一样本阅览室/ [索取号:J409.1/380] 在馆    
2 1119560   211195605   第一借阅区/ [索取号:J409.1/380] 在馆    
3 1119561   211195614   第一借阅区/ [索取号:J409.1/380] 在馆    
4 1119562   211195623   密集书库-物理学院/ [索取号:J409.1/380] 在馆    
5 1119563   211195632   第一借阅区/ [索取号:J409.1/380] 在馆    
唐山师范学院图书馆 欢迎您!
大连网信软件有限公司© 版权所有